Discografía de Bad Bunny - Estadísticas

Estadísticas generales
  • Esta prueba ha sido intentada 23 veces
  • La puntuación promedio es 72 de 131
Estadísticas de respuestas
Álbum Canción % Correcto
Callaita
88%
DtMF
88%
MONACO
82%
DeBÍ TiRAR MáS FOToS NUEVAYoL
82%
BAILE INoLVIDABLE
76%
CAFé CON RON
76%
LA CANCIÓN
76%
LA MuDANZA
76%
LA NOCHE DE ANOCHE
76%
La Santa
76%
<3
76%
Neverita
76%
Party
76%
Safaera
76%
VeLDÁ
76%
Agosto
71%
Andrea
71%
CANCIÓN CON YANDEL
71%
Después de la Playa
71%
FINA
71%
HIBIKI
71%
LO QUE LE PASÓ A HAWAii
71%
Me Porto Bonito
71%
nabie sabe lo que va a pasar mañana NADIE SABE
71%
Ojitos Lindos
71%
P FKN R
71%
PIToRRO DE COCO
71%
YHLQMDLG Si Veo a Tu mamá
71%
Tarot
71%
Tití Me Preguntó
71%
VOY A LLeVARTE PA PR
71%
ACHO PR
65%
A Tu Merced
65%
BAD CON NICKY
65%
BATICANO
65%
BOKeTE
65%
BOOKER T
65%
Está Cabrón Ser Yo
65%
KLOuFRENS
65%
Un Verano Sin Ti Moscow Mule
65%
PERFuMITO NUEVO
65%
RLNDT
65%
TELEFONO NUEVO
65%
TURiSTA
65%
Yo Visto Así
65%
120
59%
200 Mph
59%
Aguacero
59%
Bichiyal
59%
CANTARES DE NAVIDAD
59%
CYBERTRUCK
59%
El Apagón
59%
EL CLúB
59%
EoO
59%
Estamos Bien
59%
Hablamos Mañana
59%
MIA
59%
OASIS Mojaita
59%
X 100PRE NI BIEN NI MAL
59%
NO ME QUIERO CASAR
59%
PERRO NEGRO
59%
UN PREVIEW
59%
Un Verano Sin Ti
59%
Yo Perreo Sola
59%
Caro
53%
Efecto
53%
EL ÚLTIMO TOUR DEL MUNDO EL MUNDO ES MÍO
53%
EN CASITA
53%
EUROPA :)
53%
KETU TeCRÉ
53%
La Romana
53%
MERCEDES CAROTA
53%
Otra Noche en Miami
53%
PA' ROMPERLA
53%
QUE PRETENDES
53%
SEDA
53%
Si Estuviésemos Juntos
53%
TE MUDASTE
53%
TRELLAS
53%
Un peso
53%
WELTiTA
53%
WHERE SHE GOES
53%
Como Antes
47%
CÓMO SE SIENTE
47%
Dákiti
47%
HACIENDO QUE ME AMAS
47%
Ignorantes
47%
La Corriente
47%
La Difícil
47%
La Zona
47%
MÁS DE UNA CITA
47%
MR. OCTOBER
47%
Otro Atardecer
47%
Soliá
47%
THUNDER Y LIGHTNING
47%
Un Coco
47%
VOU 787
47%
25/8
41%
BABY NUEVA
41%
COMO UN BEBÉ
41%
Cuando Perriabas
41%
GRACIAS POR NADA
41%
LA DROGA
41%
Me Fui de Vacaciones
41%
Odio
41%
Puesto Pa' Guerrial
41%
Que Malo
41%
Ser Bichote
41%
Yo Le Llego
41%
BENDICIONES
35%
BYE ME FUI
35%
Enséñame a Bailar
35%
LOS PITS
35%
Pero Ya No
35%
Solo de Mi
35%
Una Vez
35%
Un Ratito
35%
Vete
35%
VUELVE CANDY B
35%
ANTES QUE SE ACABE
29%
Cuidao por Ahí
29%
Dos Mil 16
29%
HOY COBRÉ
29%
MALDITA POBREZA
29%
¿Quien tu eres?
29%
RONCA FREESTYLE
29%
LAS QUE NO IBAN A SALIR SI ELLA SALE
29%
SORRY PAPI
29%
TE DESEO LO MEJOR
29%
Tenemos Que Hablar
29%
Yo No Soy Celoso
29%
No se encontraron pruebas coincidentes
Distribución de puntuación
Porcentaje de gente con cada puntuación
Porcentaje por número respondido
Historial de tus puntuaciones
No has intentado esta prueba.